Ray of Light (Record n. 99199)

Dettagli MARC
000 -LEADER
fixed length control field 01621njm a2200337Ia 4500
001 - CONTROL NUMBER
control field F0392
003 - CONTROL NUMBER IDENTIFIER
control field IT-RoPAU
005 - DATE AND TIME OF LATEST TRANSACTION
control field 20220918181113.0
008 - FIXED-LENGTH DATA ELEMENTS--GENERAL INFORMATION
fixed length control field 131025s9999 xx 000 0 und d
040 ## - CATALOGING SOURCE
Original cataloging agency IT-RoPAU
040 ## - CATALOGING SOURCE
Transcribing agency IT-RoPAU
041 ## - LANGUAGE CODE
Language code of text/sound track or separate title INGLESE
999 ## - SYSTEM CONTROL NUMBERS (KOHA)
Koha Dewey Subclass [OBSOLETE] n.d.
100 ## - MAIN ENTRY--PERSONAL NAME
Personal name Madonna (Ciccone)
9 (RLIN) 19899
100 ## - MAIN ENTRY--PERSONAL NAME
Relator term Autore musica
9 (RLIN) 32112
100 ## - MAIN ENTRY--PERSONAL NAME
Miscellaneous information Codice autore musica SPICS: 13281
9 (RLIN) 19901
245 ## - TITLE STATEMENT
Title Ray of Light
250 ## - EDITION STATEMENT
Edition statement 1a ed.
260 ## - PUBLICATION, DISTRIBUTION, ETC. (IMPRINT)
Place of publication, distribution, etc. USA
260 ## - PUBLICATION, DISTRIBUTION, ETC. (IMPRINT)
Name of publisher, distributor, etc. WARNER BROS RECORDS
Date of publication, distribution, etc. 1998 [1a Ed.:1998 - Ed. Lingua Orig.: 1998]
300 ## - PHYSICAL DESCRIPTION
Extent COMPACT DISC
300 ## - PHYSICAL DESCRIPTION
Dimensions 67 minuti (Testo: pag.)
500 ## - GENERAL NOTE
General note Musica pop.
505 ## - FORMATTED CONTENTS NOTE
Formatted contents note Drowned World/Substitute For Love (6:00) - Swim (5:00) - Ray of Light (6:00) - Candy Perfume Girl (5:00) - Skin (7:00) - Nothing Really Matters (5:00) - Sky Fits Heaven (5:00) - Shanti/Ashtangi (5:00) - Frozen (7:00) - The Power of Good Bye (5:00) - To Have and Not To Hold (6:00) - Little Star (6:00) - Mer Girl (6:00)
650 ## - SUBJECT ADDED ENTRY--TOPICAL TERM
Topical term or geographic name as entry element POP [COMPACT DISC]
Relator term Codice MATERIA SPICS: 9949
9 (RLIN) 10570
700 ## - ADDED ENTRY--PERSONAL NAME
Personal name Madonna (Ciccone)
Miscellaneous information Codice interprete SPICS: 13281
Relator term Interprete
9 (RLIN) 32113
700 ## - ADDED ENTRY--PERSONAL NAME
Personal name Orbit William
Miscellaneous information Codice autore SPICS: 50220
Relator term Autore
Name of part/section of a work Drowned World/Substitute For Love - Swim - Ray of Light - Candy Perfume Girl - Shanti/Ashtangi - Mer Girl
9 (RLIN) 32114
700 ## - ADDED ENTRY--PERSONAL NAME
Personal name Leonard Patrick
Miscellaneous information Codice autore SPICS: 21695
Relator term Autore
Name of part/section of a work Skin - Nothing Really Matters - Sky Fits Heaven - Frozen
9 (RLIN) 32115
700 ## - ADDED ENTRY--PERSONAL NAME
Personal name Nowels Rick
Miscellaneous information Codice autore SPICS: 23752
Relator term Autore
Name of part/section of a work The Power of Good Bye - To Have and Not To Hold - Little Star
9 (RLIN) 32116
942 ## - ADDED ENTRY ELEMENTS (KOHA)
Koha item type CD AUDIO
Source of classification or shelving scheme Dewey Decimal Classification
Dati di copia
Withdrawn status Lost status Damaged status Not for loan Home library Current library Date acquired Total Checkouts Full call number Date last seen Price effective from Koha item type Public note
    Buone Condizioni Not For Loan SPICS-MEDIATECA SPICS-MEDIATECA 25/10/2013   F0392 25/10/2013 25/10/2013 CD AUDIO Progr. Ins.: 2981 / N.Vol.: 1 / Copie: 1 - Copia rara: n.d. / date import: 01.01.2014 - By Epidotti, Trombetti, Vaglietti
CREDITS: SOCIETA' SAN PAOLO Via A.Severo, 58 - ROMA (RM) & PERIODICI SAN PAOLO SRL Via Giotto, 36 MILANO & CISF Via Giotto, 36 MILANO & EDIZIONI SAN PAOLO SRL,  Piazza Soncino, 5 CINISELLO BALSAMO (MI) -- ITALY